| 000 | 01040nam a22001937a 4500 | ||
|---|---|---|---|
| 999 |
_c57660 _d57660 |
||
| 003 | Ge_BSU | ||
| 005 | 20200901121522.0 | ||
| 008 | 200901s2018 ge ||||| |||| 00| 0 geo d | ||
| 020 | _a9789941960710 | ||
| 041 | _ageo | ||
| 080 | _a35. 08 მ- 45 | ||
| 100 |
_aმგელაძე, ლაშა. _99354 |
||
| 245 |
_aსაჯარო სამსახურის გამოწვევები და მისი გადაჭრის გზები / _cლაშა მგელაძე; [რედ. სლავა ფეტელავა]. |
||
| 264 |
_aთბილისი : _b ,,იურისტების სამყარო'', _c2018. |
||
| 300 |
_a256 გვ. : _b დიაგრამა ; ცხრილი. _c20 სმ. |
||
| 653 | _aსახელმწიფო ადმინისტრაციის განსაკუთრებული საქმიანობები. | ||
| 700 |
_a ფეტელავა, სლავა _eრედაქტორი _99355 |
||
| 942 |
_2udc _cBK |
||